Exercices de physique à l'usage des étudiants de S. P. C. N., (Record no. 11514)

000 -LEADER
fixed length control field 00362cam a2200133u 4500
040 ## - CATALOGING SOURCE
Transcribing agency CarP
082 ## - DEWEY DECIMAL CLASSIFICATION NUMBER
Classification number 530 DUN 1965 A030 Or.
100 1# - MAIN ENTRY--AUTHOR NAME
Personal name Valentin, Jacques,
245 10 - TITLE STATEMENT
Title Exercices de physique à l'usage des étudiants de S. P. C. N.,
260 ## - PUBLICATION, DISTRIBUTION, ETC. (IMPRINT)
Place of publication Paris,
Name of publisher Dunod,
Year of publication 1965 [c1964]
300 ## - PHYSICAL DESCRIPTION
Number of Pages viii, 250 p.
Other physical details illus.
Dimensions 24 cm.
650 #0 - SUBJECT ADDED ENTRY--TOPICAL TERM
Topical Term Physics
942 ## - ADDED ENTRY ELEMENTS (KOHA)
Koha item type សៀវភៅភាសាបារាំង
952 ## - LOCATION AND ITEM INFORMATION (KOHA)
Withdrawn status [LOCAL, KOHA] 0
Holdings
Permanent Location Date acquired Koha item type Lost status Shelving location Barcode Current Location Full call number
Library Block A2017-08-03សៀវភៅភាសាបារាំង A030A10230Library Block A530 DUN 1965 A030 Or.
មជ្ឈមណ្ឌលឯការនៃសាកលវិទ្យាល័យភូមិន្ទកសិកម្មចំការដូង

Powered by Koha